Statistics for Countries with a Free Internet in 2018

Click here to take the quiz!

General Stats

  • This quiz has been taken 29 times
  • The average score is 10 of 15

Answer Stats

Answer% Correct
United Kingdom
93%
Canada
89%
United States
89%
France
86%
Germany
86%
Italy
86%
Japan
82%
Australia
75%
Iceland
75%
Argentina
46%
Estonia
46%
Hungary
39%
Armenia
21%
South Africa
21%
Georgia
14%

Score Distribution

Percentile by Number Answered

Percent of People with Each Score

Your Score History

You have not taken this quiz